000 00662nam a2200217Ia 4500
005 20250508162228.0
008 008 250505s9999 xx 000 0 eng d
020 _a0-333-21797-7
037 _aTextual
040 _aFEDL
_beng
_cFEDL
041 _aeng
_2eng
084 _a001.422, COX
_qFEDL
100 _aCoxon Anthony P M
245 0 _aMeasurement and meanings: Techniques and methods of studying occupational cognition
260 _aLondon, UK
_bThe Macmillan Press Ltd.
_c1979
300 _aviii,305p.
650 _aSocial Survey
700 _a Jones Charles L
_9772610
942 _cTEXL
_h001.422, COX
999 _c1375234
_d1375234